Apuntaciones curiosas sobre Chile en 1875: precedida de una noticia bibliográfica.
Salvato in:
| Autore principale: | |
|---|---|
| Natura: | Libro |
| Lingua: | spagnolo |
| Pubblicazione: |
Santiago, Chile
Imprenta Universitaria
1916
|
| Serie: | De la tierruca chilena.
2 |
| Soggetti: | |
| Tags: |
Aggiungi Tag
Nessun Tag, puoi essere il primo ad aggiungerne!!
|
MARC
| LEADER | 00000nam a2200000 a 4500 | ||
|---|---|---|---|
| 001 | UCJ4039 | ||
| 003 | CL-VaPUC | ||
| 005 | 20250128124138.0 | ||
| 008 | 070124e19160000CL |||||||||||||||||spa|d | ||
| 999 | |c 320157 |d 320155 | ||
| 040 | |c Pontificia Universidad Católica de Valparaíso | ||
| 082 | 0 | 4 | |a Ch864 BAR 1916 |2 21 |
| 100 | 0 | |a Barahona Vega, Clemente |9 506622 | |
| 245 | 1 | 0 | |a Apuntaciones curiosas sobre Chile en 1875: precedida de una noticia bibliográfica. |
| 260 | 0 | 3 | |a Santiago, Chile |b Imprenta Universitaria |c 1916 |
| 300 | |a 111 páginas. | ||
| 490 | 0 | |a De la tierruca chilena. |v 2 | |
| 500 | |a Resumen y comentarios acerca de un texto de Geografía de Chile del siglo XIX | ||
| 583 | |a last modification |c 20070124 00:00:00 |k Rodrigo Vera | ||
| 650 | 0 | |a Geografía |9 259346 | |
| 650 | 7 | |a BIBLIOGRAFIA |2 CL-VaPUC |9 256175 | |
| 650 | 0 | |a Crítica literaria |9 269189 | |
| 650 | 0 | |a Cultura |9 269059 | |
| 650 | 0 | |a Psicología |9 257863 | |
| 650 | 0 | |a Vida social |9 337244 | |
| 650 | 0 | |a Aborígenes |9 329972 | |
| 650 | 0 | |a Araucanos |9 314060 | |
| 650 | 0 | |a Onas |9 409869 | |
| 650 | 0 | |a Alacalufes |9 267400 | |
| 650 | 0 | |a Fueguinos |9 417010 | |
| 651 | 0 | |a Chiloé |z CHILE |9 265209 | |
| 651 | 0 | |a Estrecho de Magallanes |z CHILE |9 354479 | |
| 651 | 0 | |a Tierra del Fuego |z CHILE |9 345728 | |
| 942 | |c BK |2 ddc | ||
| 945 | |d 20070124 00:00:00 |a rinostro | ||
| 952 | |0 0 |1 0 |2 ddc |4 0 |6 CH_864_000000000000000_BAR_1916 |7 0 |8 X |9 398630 |a FDOBUD |b FDOBUD |d 2019-11-22 |i 1012584 |o Ch864 BAR 1916 |p 1012584 |r 2019-11-22 |t 1 |w 2019-11-22 |y BK_X |k BUD | ||